000 00653nam a22002057a 4500
005 20100730160025.0
010 _aENG-97329
020 _a9788176504850
_c350.00
035 _aEN-80862
037 _bDBAD/PUB
082 _aN
100 _aChawdhary, Nirmal Kumar
_92799
245 _aAnother universe /
_cby Nirmal Kumar Chawdhary
260 _aNew Delhi
_bStar Books
_c2010
270 _a4/5B, Asaf Ali Road,
_bNew Delhi
_e110002
300 _a330p.
_c22cm, (pbk)
650 _aEnglish Fiction
_9707
942 _2ddc
_cEN
_hN
_mCHA
999 _c38317
_d38317